000 00746 a2200193 4500
003 Nust
005 20220803153354.0
020 _a0071240837
040 _cNust
082 _a005.1,PRE
100 _aPressman, Roger S.
_917958
245 _aSoftware engineering :
_ba practitioner's approach /
_cRoger S. Pressman
250 _a6th.
260 _aNew Delhi
_bTata McGraw-Hill
_c2005
300 _axxxii, 880 p.:
505 _aPart-1: The Software Process (Page-51), Part-2: Software Engineering Practice (page-127), Part-3: Applying Web Engineering (Page-499), Part-4: Managing Software Projects (Page-627),Part-5: Advance Topics in Software Engineering (Page-801).
_g
650 _aSoftware engineering.
_92256
942 _cBK
_2ddc
_k005.1,PRE
999 _c193430
_d193430